00293nam a2200121Ia 45000030006000000080041000060400015000471000024000622450047000862600009001335460012001420050017001540STCL150530s9999 xx 000 0 und d aSTCLcSTCL aLouis Nordstrom, D. aPlatos the republic and selected dialogues c1966 aEnglish20220125170855.0